000 00401nam a2200145Ia 4500
005 20240821155734.0
008 240821s9999||||xx |||||||||||||| ||und||
082 _a780.954 VEE
100 _aVeer, Ram avtar
245 0 _aBharatiya sangeet ka itihas (HIN)
260 _aNew Delhi
_bRadha Publication
_c1996
300 _a256p.
650 _aArts, Crafts, Music, Sports And Recreations
942 _cBK
999 _c129628
_d129628